| 000 | 00346nam a22001457a 4500 | ||
|---|---|---|---|
| 008 | 210310b ||||| |||| 00| 0 eng d | ||
| 020 | _a9780195420975` | ||
| 041 | _aeng | ||
| 080 | _a316 | ||
| 082 | _a316 | ||
| 100 | _a50 | ||
| 101 | _aSOC | ||
| 245 |
_aElements of Sociology A Critical Canadian Introduction _cSteckley,J |
||
| 942 |
_2udc _cBK |
||
| 999 |
_c56155 _d56155 |
||